000 01905cam a2200169 4500500
005 20260322003137.0
041 _afre
042 _adc
100 1 0 _aZongo, Issa
_eauthor
700 1 0 _aDabat-Partiot,
_eauthor
245 0 0 _aEffet du triple ensachage du niébé sur le pouvoir de marché des producteurs dans la région nord du Burkina Faso
260 _c2025.
500 _a52
520 _aSince the end of the nineteenth century, reading textbooks have played an essential role in French schools. Over the course of the twentieth century, the number of «sports» vignettes in these increasingly illustrated books grew steadily. As a result, certain physical activities, such as cycling, are particularly well represented. Analysis of a corpus of over three hundred textbooks, published between 1880 and 1960, shows that the existence of images depicting this bodily practice is not accidental. Indeed, in these educational booklets, texts and illustrations are far from insignificant. Despite their sometimes entertaining nature, they convey to pupils, explicitly or otherwise, knowledge, values, models, standards, morals, and so on. In order to legitimately take their place in these pedagogical works, representations of cycling must conform to certain criteria: they must never interfere with learning, they must constantly show bodily forms that are considered acceptable in the school context, and so on. The aim of this article is therefore to understand the conditions under which cycling practices appear in school reading materials. To do so, we will analyze the constraints on the visualization of the characters’ bicycle movements, and examine the permanence of certain motifs, such as the fall.
786 0 _nÉconomie rurale | 394 | 4 | 2025-11-21 | p. 75-92 | 0013-0559
856 4 1 _uhttps://shs.cairn.info/revue-economie-rurale-2025-4-page-75?lang=fr&redirect-ssocas=7080
999 _c1729511
_d1729511